000 01020nam a22002177a 4500
999 _c58207
_d58207
003 Ge_BSU
005 20210916104940.0
008 210916s2009 ge ||||| |||| 00| 0 geo d
020 _a9788776886868
041 _ageo
080 _a299.93:159.964 ჰ-13
100 _aჰებარდი, ლ. რონ
_912479
245 _aსაენტოლოგია:
_b ახალი მზერა სამყაროზე /
_cლ. რონ ჰაბარდი.
264 _aSmedeland :
_bGlostrup : New Era Publications International ApS : A Hubbard Publication,
_c2009.
300 _a364 გვ. :
_bილ. ;
_c23 სმ.
440 _aნომერ პირველი საერთაშორისო ბესტსელერის - დიანეტიკის ავტორი
_912480
500 _aინდექსები: გვ. 331-363.
653 _aსაენტოლოგია
653 _aადამიანის ცნობიერება
942 _2udc
_cBK